| 000 | 01221cam a2200289 4500 | ||
|---|---|---|---|
| 001 | WB3926-16 | ||
| 008 | 030708n2003 000 0 eng u | ||
| 035 | _a(Sirsi) u122958 | ||
| 245 | _aScottish cities share £90m growth fund | ||
| 260 | _c2003 | ||
| 490 |
_aScottish Executive News Release _v(SEFD36/2003) 3 July 2003 (6) |
||
| 520 | _aScottish cities, Aberdeen, Dundee, Edinburgh, Glasgow, Inverness and Stirling are to benefit from a £90m growth fund aimed at improving the quality of life of their citizens. An additional £20m will bring land back into economic use in Dundee and Glasgow. Two consultations on business improvements districts (BIDs) and urban regeneration companies (UDCs) will lead to an enhanced business environment and better regeneration delivery. http://www.scotland.gov.uk/pages/news/2003/07/SEFD036.aspx | ||
| 590 | _aWB | ||
| 650 | _aSCOTLAND | ||
| 650 | _aABERDEEN | ||
| 650 | _aURBAN REGENERATION COMPANIES | ||
| 650 | _aBUSINESS IMPROVEMENT DISTRICTS | ||
| 650 | _aDERELICT LAND | ||
| 650 | _aDUNDEE | ||
| 650 | _aVACANT LAND | ||
| 650 | _aEDINBURGH | ||
| 650 | _aINVERNESS | ||
| 650 | _aSTIRLING | ||
| 650 | _aGLASGOW | ||
| 690 | _aREGENERATION | ||
| 942 | _n0 | ||
| 999 |
_c73010 _d73010 |
||